| 000 | 00000nam##2200000za#4500 |
| 001 | 9.697679 |
| 003 | CaOODSP |
| 005 | 20210624235604 |
| 007 | cr ||||||||||| |
| 008 | 150407|1982||||xxc|||||o f|0| 0 eng|d |
| 040 | |aCaOODSP|beng |
| 043 | |an-cn--- |
| 086 | 1 |aA53-1572/1982E-PDF |
| 110 | 1 |aCanada.|bAgriculture Canada.|bResearch Branch. |
| 245 | 10|aFarm feed processing and handling / |h[electronic resource]|c[by] A. Protz. |
| 250 | |aRevised |
| 260 | |aOttawa - Ontario : |bAgriculture Canada. |cc1982. |
| 300 | |a52p.|bfigs., graphs, tables, photographs |
| 500 | |aHistorical publication digitized by Agriculture and Agri-Food Canada. "A federal/provincial publication. Canada/Saskatchewan"--p. 3 of 52. Original edition: 1976. |
| 590 | |a13-17-Supp|b2013-07-25 |
| 690 | 07|aAnimal nutrition|2gcpds |
| 690 | 07|aFarming|2gcpds |
| 775 | 08|tTransformation et manutention des provendes à la ferme / |w(CaOODSP)9.642231 |
| 856 | 40|ahttp://publications.gc.ca|qPDF|s3.29 Mo|uhttps://publications.gc.ca/collections/collection_2013/aac-aafc/agrhist/A53-1572-1982-eng.pdf |
| 986 | |a1572E |